000 01164cam a22003257a 4500
003 CHAP
005 20220329134128.0
008 971013s1963 r 00010 d
010 _a15852
011 _a16824
035 _a20906
040 _cCHAP
082 _a631.0915
_bH6Y
100 0 0 _aHodge, Carle
_eed.
_955735
245 1 4 _aLas tierras áridas y el hombre, el reto de las tierras áridas de los Estados Unidos
260 _aWashington :
_bAmerican Association for the Advancement of Science,
_c1963
300 _a513 p.
_b: ilus.
490 0 _aPublicación, 74 vers. español
590 _aBATCH-UPD
_b10
_c20130110
_lUCH01
_h1711
590 _aBATCH-UPD
_b10
_c20130410
_lUCH01
_h1057
590 _aBATCH-UPD
_b10
_c20130914
_lUCH01
_h1946
590 _aCONVERSION
_b10
_c20130109
_lUCH01
_h1310
650 1 4 _aRegiones áridas.
_995669
790 _aHombre en las tierras áridas de los E.U.A.
830 0 _aPublicación, 74 vers. español
_992781
901 _aBK
942 _cLIBRO
949 _a631.0915 H6Y
_bBC
_cLIBRO
_d33724000054235
_eLIBRO
_fc.2
_h20058
_i20906
_mD
_si
949 _a631.0915 H6Y
_bBC
_cLIBRO
_d33724000054243
_eLIBRO
_h20057
_i20906
_mD
_si
999 _c15852
_d15852